LEADER 01781nam 2200373 450 001 9910688590803321 005 20230629180144.0 035 $a(CKB)5400000000042825 035 $a(NjHacI)995400000000042825 035 $a(EXLCZ)995400000000042825 100 $a20230629d2020 uy 0 101 0 $aeng 135 $aur||||||||||| 181 $ctxt$2rdacontent 182 $cc$2rdamedia 183 $acr$2rdacarrier 200 00$aChemistry and Biological Activity of Steroids /$fedited by Jorge Anto?nio Ribeiro Salvador, Maria Manuel Cruz Silva 210 1$aLondon :$cIntechOpen,$d2020. 210 4$dİ2020 215 $a1 online resource (144 pages) 311 $a1-78985-608-6 320 $aIncludes bibliographical references and index. 330 $aThe steroid scaffold continues to be the structural basis of new drugs for a variety of targets and diseases. Indeed, steroids interact with enzymes and receptors in a strikingly specific manner. Chemistry and Biological Activity of Steroids aims to provide an updated overview of recent advances in the medicinal chemistry of steroids. Novel synthetic methods in the steroids field, including steroid biotransformations, new steroids able to tackle steroid receptors, and steroid enzymes with clinical relevance, are critically reviewed in this book. Furthermore, the diverse physiopathological roles of oxysterols and their therapeutic value are also discussed. 606 $aSteroids 615 0$aSteroids. 676 $a547.73 702 $aCruz Silva$b Maria Manuel 702 $aSalvador$b Jorge Anto?nio Ribeiro 801 0$bNjHacI 801 1$bNjHacl 906 $aBOOK 912 $a9910688590803321 996 $aChemistry and Biological Activity of Steroids$91944361 997 $aUNINA